| 000 | 01527cas a2200433 a 4500 | ||
|---|---|---|---|
| 001 | 12479841 | ||
| 003 | OSt | ||
| 005 | 20170323133615.0 | ||
| 007 | t| | ||
| 008 | 950620c19959999enkzx p 0 a0eng c | ||
| 010 | _asn 95040165 | ||
| 020 | _a9780781746731 | ||
| 020 | _a0781746736 | ||
| 035 | _a(OCoLC)ocm32678008 | ||
| 037 | _bK. Johnson, c/o Lippincott Williams & Wilkins, 530 Walnut St., Philadelphia, PA 19106 | ||
| 040 |
_aDMLN _beng _cNcU-H _dOCoLC |
||
| 042 |
_apcc _ansdp |
||
| 050 | 0 | 0 |
_aRS91 _b.R4 |
| 060 | 4 |
_aQV 704 _bR388 |
|
| 082 | 1 | 0 |
_aQV 704 _213 _bR284a 2000 |
| 100 |
_aPhilip, P. Gerbino _911932 |
||
| 245 | 0 | 0 | _aRemington: the science and practice of pharmacy |
| 250 | _a21st ed. | ||
| 260 | 3 |
_aPhiladelphia; _bLippincott Williams, _c2006 |
|
| 300 | _axxii,2393p, col.ill: 28.5cm | ||
| 336 |
_atext _btxt _2rdacontent |
||
| 337 |
_aunmediated _bn _2rdamedia |
||
| 338 |
_avolume _bnc _2rdacarrier |
||
| 362 | 0 | _a19th ed. (1995)- | |
| 504 | _aReferences, glossary, & index included | ||
| 538 | _aSystem requirements for accompanying discs: IBM or 100% compatible; DOS 3.0 or higher; Windows 3.1 or higher; 4Mb space on hard disk; CD-ROM drive. | ||
| 588 | _aLatest issue consulted: 22nd ed. (copyrighted 2013) (surrogate). | ||
| 650 | 0 |
_aPharmacy _98733 |
|
| 650 | 0 |
_aDrug usage _911933 |
|
| 780 | 0 | 0 |
_tRemington's pharmaceutical sciences _x0891-687X _w(DLC) 60053334 _w(OCoLC)1343470 |
| 906 |
_a7 _bcbc _cserials _d3 _encip _f19 _gn-oclcserc |
||
| 942 |
_2ddc _cSLOAN |
||
| 999 |
_c3999 _d3999 |
||